书目信息 |
| 题名: |
中国淡水藻志
|
|
| 作者: | 朱浩然 主编 ;中国科学院 编辑 | |
| 分册: | 第九卷 蓝藻门 | |
| 出版信息: | 北京 科学出版社 2007 |
|
| 页数: | 18,312页 | |
| 开本: | 27cm | |
| 丛书名: | ||
| 单 册: | ||
| 中图分类: | Q949.2 , Q949.22 | |
| 科图分类: | ||
| 主题词: | 藻类--植物志--中国 , 蓝藻门--植物志--中国 , 藻殖段--植物志--中国 | |
| 电子资源: | ||
| ISBN: | 978-7-03-015073-8 | |
| 000 | 01402nam0 2200325 450 | |
| 001 | 012004176085 | |
| 005 | 20080305094023.87 | |
| 009 | 012004176085 | |
| 010 | @a978-7-03-015073-8@b精装@dCNY88.00 | |
| 035 | @a(110019)012007045066 | |
| 100 | @a20071009d2007 em y0chiy0110 ea | |
| 101 | 0 | @achi@elat |
| 102 | @aCN@b110000 | |
| 105 | @aa z 001yy | |
| 106 | @ar | |
| 200 | 1 | @a中国淡水藻志@Azhong guo dan shui zao zhi@h第九卷@i蓝藻门@i藻殖段纲@dFlora algarum sinicarum aquae dulcis@hTomus Ⅸ@iCyanophyta@iHormogonophyceae@f朱浩然主编@g中国科学院中国孢子植物志编辑委员会编辑@zlat |
| 210 | @a北京@c科学出版社@d2007 | |
| 215 | @a18,312页@c图@d27cm | |
| 300 | @a中国科学院知识创新工程重大项目 国家自然科学基金重大项目(国家自然科学基金委员会 中国科学院 国家科学技术部资助) | |
| 330 | @a本书记述了我国蓝藻门藻殖段纲的4目:伪枝藻目、胶须藻目、颤藻目、念珠藻目,5科44属518种、50变种和1变型。每个种都有形态描述、产地、国内外分布,并根据我国的标本绘图109幅。 | |
| 510 | 1 | @aFlora algarum sinicarum aquae dulcis@hTomus Ⅸ@iCyanophyta@iHormogonophyceae@zlat |
| 606 | 0 | @a藻类@x植物志@y中国 |
| 606 | 0 | @a蓝藻门@x植物志@y中国 |
| 606 | 0 | @a藻殖段@x植物志@y中国 |
| 690 | @aQ949.2@v4 | |
| 690 | @aQ949.22@v4 | |
| 701 | 0 | @a朱浩然@Azhu hao ran@4主编 |
| 712 | 02 | @a中国科学院@Azhong guo ke xue yuan@b中国孢子植物志编辑委员会@4编辑 |
| 801 | 0 | @aCN@b110019@c20080305 |
| 905 | @dQ949.2@e182:9@f2 | |
| 中国淡水藻志.第九卷.蓝藻门.藻殖段纲=Flora algarum sinicarum aquae dulcis.Tomus Ⅸ.Cyanophyta.Hormogonophyceae/朱浩然主编/中国科学院中国孢子植物志编辑委员会编辑.-北京:科学出版社,2007 |
| 18,312页:图;27cm |
| 中国科学院知识创新工程重大项目 国家自然科学基金重大项目(国家自然科学基金委员会 中国科学院 国家科学技术部资助) |
| ISBN 978-7-03-015073-8(精装):CNY88.00 |
| 本书记述了我国蓝藻门藻殖段纲的4目:伪枝藻目、胶须藻目、颤藻目、念珠藻目,5科44属518种、50变种和1变型。每个种都有形态描述、产地、国内外分布,并根据我国的标本绘图109幅。 |
| ● |
| 相关链接 |
|
|
|
|
正题名:中国淡水藻志
索取号:Q949.2/182:9
 
预约/预借
| 序号 | 登录号 | 条形码 | 馆藏地/架位号 | 状态 | 备注 |
| 1 | 0792921 | 207929214 | 第二样本阅览室/ [索取号:Q949.2/182:9] | 在馆 | |
| 2 | 0792922 | 207929223 | 第三借阅区/ [索取号:Q949.2/182:9] | 在馆 |